Constitutional Government and Democracy in India / (Record no. 167531)

MARC details
000 -LEADER
fixed length control field 00771nam a22002297a 4500
005 - DATE AND TIME OF LATEST TRANSACTION
control field 20220215161029.0
010 ## - LCCN (DPL NO)
LC control number ENG-126447
020 ## - INTERNATIONAL STANDARD BOOK NUMBER
Terms of availability 369.00
International Standard Book Number 978-93-534-3228-7
035 ## - SYSTEM CONTROL NUMBER
System control number EN-109979
037 ## - SOURCE OF ACQUISITION
Source of stock number/acquisition DBAD/PUB
082 ## - DEWEY DECIMAL CLASSIFICATION NUMBER
Classification number 320.954
100 ## - MAIN ENTRY--PERSONAL NAME
Personal name Abhay Prasad Singh
245 ## - TITLE STATEMENT
Title Constitutional Government and Democracy in India /
Statement of responsibility, etc By Abhay Prasad Singh [and] Krishna Murari
260 ## - PUBLICATION, DISTRIBUTION, ETC. (IMPRINT)
Place of publication, distribution, etc U.P
Name of publisher, distributor, etc Pearson
Date of publication, distribution, etc 2019
270 ## - ADDRESS
City Noida
Address Plot-1 Block-C, Sector-16
Postal code 201301
Telephone number 08030461060
Fax number 08030461003
Electronic mail address companysecretary.india@pearson.com
300 ## - PHYSICAL DESCRIPTION
Extent xv376p.
Dimensions 22cm(pbk)
500 ## - GENERAL NOTE
General note Includes index and bibliography<br/>
700 ## - ADDED ENTRY--PERSONAL NAME
Personal name Jajware, Kaushal
700 ## - ADDED ENTRY--PERSONAL NAME
Personal name Bhagowati, Partha
700 ## - ADDED ENTRY--PERSONAL NAME
Personal name Sharmilee, G
942 ## - ADDED ENTRY ELEMENTS (KOHA)
Source of classification or shelving scheme Dewey Decimal Classification
Item type English Books
Classification part 320.954
Call number suffix ABH
Holdings
Withdrawn status Lost status Not for loan Collection code Home library Current library Date acquired Source of acquisition Cost, normal purchase price Full call number Barcode Copy number Cost, replacement price Koha item type
      Non-fiction Ashok Vihar Ashok Vihar 06/09/2019 DBAD/PUB 369.00 320.954 ABH EN-109979 1 369.00 English Books

© Delhi Public Library
Hit Counter
free hit counter